Vista normal Vista MARC

Entrada Nombre personal

Número de registros utilizados en: 1

001 - NÚMERO DE CONTROL

  • campo de control: 3341

003 - IDENTIFICADOR DE NÚMERO DE CONTROL

  • campo de control: PE-LiUPU

005 - FECHA Y HORA DE LA ÚLTIMA TRANSACCIÓN

  • campo de control: 20231130142659.0

008 - ELEMENTOS DE DATO DE LONGITUD-FIJA

  • campo de control de longitud fija: 231130|| aca||aabn | a|a d

040 ## - FUENTE DE CATALOGACIÓN

  • Centro catalogador/agencia de origen: PE-LiUPU

100 ## - ENCABEZAMIENTO-NOMBRE DE PERSONA

  • Nombre de persona: Túpac Amaru, Juan Bautista, $d1742?-1827.
  • Títulos y otros términos asociados al nombre: Inka
  • Fechas asociadas al nombre: Túpac Amaru, Juan Bautista, $d1742?-1827.
  • Término indicativo de función/relación: autor
  • Título de la obra: Muerte del héroe.